Flags of Landlocked Countries in Africa - Sudden Death - Statistics

General Stats
  • This quiz has been taken 170 times
    71 since last reset
  • The average score is 10 of 16
Answers on the Grid
Answers color-coded by a green-red scale on the quiz's grid according to % correct below.
 
Answer Stats
Answer % Correct
Ethiopia
86%
Chad
77%
Uganda
77%
Zambia
74%
Burkina Faso
74%
Rwanda
74%
Zimbabwe
69%
Lesotho
60%
Malawi
57%
Central African Republic
54%
Botswana
54%
Eswatini
51%
Niger
49%
Burundi
46%
South Sudan
46%
Mali
31%
No matching quizzes found
Score Distribution
Percent of People with Each Score
Percentile by Number Answered
Your Score History
You have not taken this quiz since the last reset